| 000 | 00371cam a22001217a 4500 | ||
|---|---|---|---|
| 008 | 180718b1955 xxu||||| |||| 00| 0 eng d | ||
| 082 | _aT2x73 Sh64 | ||
| 100 | _aShippen, Katherine B. | ||
| 245 |
_aMiracle in motion : the story of america's industry _cby Katherine B. Shippen |
||
| 260 |
_aNew York _bHarper _c1955 |
||
| 300 | _a150p. | ||
| 650 | _aIndustries --United States | ||
| 999 |
_c437565 _d437565 |
||